| 000 | 00797nam a22002297a 4500 | ||
|---|---|---|---|
| 008 | 240610b mp ||||| |||| 00| 0 mon d | ||
| 020 | _a978-99929-0-323-0 | ||
| 035 | _a18201 | ||
| 040 |
_aUVS1285160 _bmon _cMN-UlNLM _dMN-UlNLM _erda |
||
| 041 | _amon | ||
| 042 | _a64752 | ||
| 084 |
_2NNA _a85.77 _bК.795 |
||
| 100 | _aКремнев Б. | ||
| 245 | 0 | _aВольфганг Амадей Моцарт | |
| 264 |
_aУлаанбаатар _bМонсудар _c2009 |
||
| 300 | _a328х. | ||
| 336 |
_2rdacontent _atext _btxt |
||
| 337 |
_2rdamedia _aunmediated _bn |
||
| 338 |
_2rdacarrier _avolume _bnc |
||
| 650 | _aВольфгант Амадей Моцартын амьдрал,уран бүтээлийн тухай.... Гарчиг: Эх орон, Гэр бүл ... | ||
| 942 |
_2NNA _cBK |
||
| 999 |
_c943795 _d943852 |
||